Dibujo Técnico

Bibliographic Details
Main Author: Vishnepolski, I:S
Format: Section = Libro
Language:Undetermined
Spanish
Published: USRR Mir Moscú 1984
Subjects:
LEADER 00464nam a2200193Ia 4500
008 240830s9999 xx 000 0 und d
020 |a 5-03-000184-0 
040 |a B-ESTELÍ- RUACS / 604.2 V829 
041 |a spa 
082 |a 604.2 V829 
100 1 |a Vishnepolski, I:S 
245 1 0 |a Dibujo Técnico 
260 |a USRR  |b Mir Moscú  |c 1984 
300 |a 250 p. :il. 
650 7 |a DIBUJO TECNICO 
650 7 |b  GEOMETRIA 
942 |c BK  |2 ddc 
991 |a TEXTO 
999 |c 11130